000 00826nam a22002537a 4500
003 dpl
005 20180806164339.0
008 161212b xxu||||| |||| 00| 0 eng d
010 _aB-031218
020 _c00
_a818620816
035 _aB-031218, B-031219, B-031222
037 _bCen Lib/Ret
040 _aDPL
_bEN
_cTIT
082 _a327.547073
100 _aAftab Alam
_98149
245 _aU.S. military aid to pakistan and india's security /
_cby Aftab Alam
260 _aNew Delhi
_bRaj publications
_c2001
270 _aR-115/2, model town-3
_bNew Delhi
_e110009
300 _a168p.
_c21cm(Hb)
500 _aIncludes bibliographical references and index
650 _aForeign relation
_zUSA-India-Pakistan
_98150
650 _aSecurity affairs
_98151
942 _2ddc
_cEN
_h327.547073
_mAFT
999 _c123820
_d123820